000 00569cam a22002171 4500
001 ne 67000915
003 DLC
005 20260227111832.0
008 890331s1964 xx 000 0 ara
010 _ane 67000915
035 _a(OCoLC)23500948
040 _aDLC
_cMiU
_dDLC
050 0 0 _aPJ7541
_b.D3
100 1 _aDahhān, Sāmī.
245 1 3 _aal-Ghazal.
260 _c1964.
300 _a2 v.
_c21 cm.
500 _aRomanized.
650 0 _aLove poetry, Arabic
_xHistory and criticism.
830 0 _aFunūn al-adab al-ʻArabī. al-Fann al-ghināʻī ;
_v1-2.
999 _c49588
_d49588